000 00687nas a2200229 4500
001 BR8502842
003 BR-BrBNA
005 20231205090215.0
007 ta
008 230509b bl.|||p| |||| 00| 00por d
040 _aBR-BrBNA
_bpor
_cBiblioteca Nacional de Agricultura
041 _a(Pt)
072 _aE50
100 1 _aGoncalves, C.A.
245 1 _aPerigo escondido; um alerta para os esconderijos das aranhas, aracnideos e lacraias
650 _aARANHA
650 _aESCORPIAO
650 _aVENENO
773 0 _tCasa da Agricultura (Brazil)
_xISSN 0100-6541
_g(Mar-Apr 1985), v. 7(2) p. 15-17
_wBR8502842
909 _a202311
_bLúcia
_c55
_dLúcia Elande
942 _2AGRIS
_n0
_cANA
999 _c116808
_d116808